They Changed the World: Crick & Watson - The Discovery of DNA (Record no. 6787)

MARC details
000 -LEADER
fixed length control field 00352nam a2200121Ia 4500
008 - FIXED-LENGTH DATA ELEMENTS--GENERAL INFORMATION
fixed length control field 191201s2016 xx 000 0 und d
100 ## - MAIN ENTRY--PERSONAL NAME
Personal name HELFAND, Lewis
245 #0 - TITLE STATEMENT
Title They Changed the World: Crick & Watson - The Discovery of DNA
260 ## - PUBLICATION, DISTRIBUTION, ETC. (IMPRINT)
Name of publisher, distributor, etc KALYANI NAVYOG MEDIA PVT LTD
Date of publication, distribution, etc 2016
Place of publication, distribution, etc New Delhi
300 ## - PHYSICAL DESCRIPTION
Extent 88
650 ## - SUBJECT ADDED ENTRY--TOPICAL TERM
Topical term or geographic name as entry element General Books
942 ## - ADDED ENTRY ELEMENTS (KOHA)
Source of classification or shelving scheme Dewey Decimal Classification
Koha item type Text Books
Holdings
Withdrawn status Lost status Source of classification or shelving scheme Damaged status Not for loan Collection code Home library Current library Date acquired Source of acquisition Cost, normal purchase price Bill Number Total Checkouts Full call number Acc. no. / Barcode Date last seen Date last borrowed Actual Cost, discounted price Bill Date Koha item type Public note
    Dewey Decimal Classification     GENERAL PIET C-LIBRARY PIET C-LIBRARY 21/07/2020 Kalyani Nav yug Media Pvt Ltd. 350.00 271 1 572.86 HET 30328 29/10/2022 29/09/2022 192.50 31/08/2018 Text Books Stories and Novels

Design & Developed by: PIET Central Library
R70 Miles Stone Pattikalyana Samalkha Panipat 132102
mail ID :- [email protected], Phone No:- 0180-2569700 Ex.216